| 000 | 00522nam a22001457a 4500 | ||
|---|---|---|---|
| 003 | MACL | ||
| 005 | 20190331163538.0 | ||
| 008 | 190331b xxu||||| |||| 00| 0 eng d | ||
| 040 | _cMACL | ||
| 100 |
_aमहाजन,डॉ. अश्विनी _974077 |
||
| 245 | _aभारतीय कृषि एवं खाद्यान्न का बढता संकट | ||
| 260 |
_aदिल्ली _bप्रियंका प्रकाशन _c2016 |
||
| 650 |
_aकृषि _951023 |
||
| 942 |
_2ddc _cHIN |
||
| 999 |
_c59214 _d59214 |
||